| 000 | 00526cam a2200157 i 4500 | ||
|---|---|---|---|
| 082 | 0 | 0 |
_a574.192028 _bCLA _cL-7, P-107 |
| 100 | 1 |
_aClark, John Magruder, (Edit) _940249 |
|
| 245 | 1 | 0 |
_aExperimental biochemistry / _cJohn M. Clark, Jr. and Robert L. Switzer. |
| 250 | _aClark, John Magruder, | ||
| 260 |
_aSan Francisco : _bW. H. Freeman, _cc1964. |
||
| 300 |
_aix, 228 p. : _bill. ; _c28 cm. |
||
| 526 |
_a0 _b0 _c0 _d574_192028000000000_CLA |
||
| 526 |
_a0 _b0 _c0 _d574_192028000000000_CLA |
||
| 650 | 0 |
_aMCE _9379 |
|
| 942 |
_2ddc _cBK |
||
| 999 |
_c544583 _d544583 |
||